| 000 | 00764cab a2200253 4500 | ||
|---|---|---|---|
| 001 | ABS56976 | ||
| 008 | 090401t1997 xxu||||| |||| 00| 0 eng d | ||
| 035 | _a(Sirsi) u98383 | ||
| 041 | _aeng | ||
| 100 | _aHolborn, P. | ||
| 245 | _aTax exempt conservation | ||
| 260 | _c1997 | ||
| 350 | _a0 | ||
| 490 |
_aFarming and Conservation _v3(4) April 1997, 20-23(4) |
||
| 520 | _aDescribes how Heritage Landscape Management Plans enable landowners to qualify for tax relief while maintaining and preserving the countryside. | ||
| 650 | _aCONSERVATION | ||
| 650 | _aHERITAGE LANDSCAPE MANAGEMENT PLANS | ||
| 650 | _aINHERITANCE TAX | ||
| 650 | _aLAND MANAGEMENT | ||
| 650 | _aTAX EXEMPTION | ||
| 690 | _aCONSERVATION | ||
| 942 | _n0 | ||
| 948 | _c23/05/1997 | ||
| 999 |
_c59782 _d59782 |
||